Asian foods - Statistics

General Stats
  • This quiz has been taken 237 times
  • The average score is 16 of 18
Answers on the Grid
Answers color-coded by a green-red scale on the quiz's grid according to % correct below.
pizza
sushi
rice
dosa
watermelon
masala
fried rice
pasta
ramen
lassi
chow mein
burger
French fries
chicken nuggets
buffalo wings
roti
Mac and cheese
apple pie
hot dogs
mochi
tong sui
boba
coke
Peking duck
Kimchi
Pho
Biryani
curry
grilled cheese
Bacon
 
Answer Stats
Answer % Correct
sushi
97%
rice
96%
fried rice
94%
ramen
93%
masala
92%
Kimchi
91%
mochi
91%
Pho
91%
Biryani
90%
chow mein
90%
curry
90%
Peking duck
90%
roti
90%
boba
89%
tong sui
89%
dosa
88%
lassi
87%
pasta
10%
No matching quizzes found
Score Distribution
Percent of People with Each Score
Percentile by Number Answered
Your Score History
You have not taken this quiz